Statistiques concernant Pays ayant atteint les 1/2finales de coupe du monde de Rugby

Cliquez ici pour prendre le quiz!

Statistiques générales

  • Ce quiz a été pris 80 fois
  • Le résultat moyen est 8 sur 8

Statistiques - réponses

Nombre de fois Pays % Correct
8Nouvelle-Zélande
100%
6France
100%
6Australie
100%
5Angleterre
100%
5Afrique du Sud
100%
3Pays de Galles
99%
1Ecosse
99%
2Argentine
95%

Distribution des résultats

Percentile by Number Answered

% des personnes avec chaque résultat

Votre développement - résultats

Vous n’avez pas pris ce quiz